000 00330nam a2200133Ia 4500
008 220216s9999 xx 000 0 und d
100 _aMilczarek Roman
245 0 _aRubber-to-metal bonding agents
260 _bRubber World
_c1996
300 _a41-46
650 _aMetal bonding agent
650 _aNatural rubber
942 _cJS
999 _c68316
_d68316